Recreación filosófica, ó, Diàlogo sobre la filosofía natural para instruccion de personas curiosas que no han freceuntado las aulas / obra escrita en portugues por el P. D. Teodoro de Almeida... traducida al castellano

Detalles Bibliográficos
Autor principal: Almeida, Teodoro de (1722-1803)
Formato: Libro
Lenguaje:Undetermined
Spanish
Publicado: Madrid : en la imprenta Real, 1792.
Edición:Segunda impresion, corregida y aumentada
Materias:
Colección:Banco de datos
Acervo:Biblioteca Palafoxiana. Colección bibliográfica
Descripción Física:8 t. ; 8°
Tema general:Filosofía
Notas:Número de localización: t.1 (25858 , 25867) ; t.2 (25754 , 25859 , 27400) ; t.3 (25860 , 25869) ; t.4 (25861) ; t.5 (25753 , 25862) ; t.6 (25863) ; t.7 (26428) ; t.8 (25865)
LEADER 00897nam a2200181Ia 4500
008 150723s9999 xx 000 0 und d
041 0 |a spa 
050 0 |a PAFX B105.U5 A5 
100 1 |a Almeida, Teodoro de (1722-1803) 
245 1 0 |a Recreación filosófica, ó, Diàlogo sobre la filosofía natural para instruccion de personas curiosas que no han freceuntado las aulas / obra escrita en portugues por el P. D. Teodoro de Almeida... traducida al castellano 
250 |a Segunda impresion, corregida y aumentada 
260 |a Madrid : en la imprenta Real, 1792. 
300 |a 8 t. ; 8° 
500 |a Número de localización: t.1 (25858 , 25867) ; t.2 (25754 , 25859 , 27400) ; t.3 (25860 , 25869) ; t.4 (25861) ; t.5 (25753 , 25862) ; t.6 (25863) ; t.7 (26428) ; t.8 (25865) 
650 1 0 |a Filosofía 
942 |c PALALIB 
943 |g Biblioteca Palafoxiana. Colección bibliográfica 
999 |c 1050159  |d 1050159